| 000 | 01398nam a2200385 a 4500 | ||
|---|---|---|---|
| 001 | 000110367 | ||
| 003 | CHAP | ||
| 005 | 20220329144129.0 | ||
| 008 | 140821s2011 fr a |r| ||||||eng d | ||
| 010 | _a106829 | ||
| 011 | _a107801 | ||
| 020 | _a9789264110526 | ||
| 040 | _cCHAP | ||
| 082 | 0 | 4 |
_a336.20098 _bO28b |
| 110 | 2 |
_aOrganización para la Cooperación y el Desarrollo Económicos. París _983559 |
|
| 245 | 1 | 0 |
_aRevenue statistics in Latin America = Estadísticas tributarias en América Latina / _cpor Organización para la Cooperación y el Desarrollo Económicos. |
| 246 | _aEstadísticas tributarias en América Latina | ||
| 260 |
_aParís : _bOECD, _c2011. |
||
| 300 |
_a166 p. : _bgráfs., tabs. |
||
| 546 | _aBilingüe (inglés, español) | ||
| 590 |
_aBATCH-UPD _b05 _c20140821 _lUCH01 _h1422 |
||
| 590 |
_aE11695DGD _b10 _c20140826 _lUCH01 _h0854 |
||
| 590 |
_aE5995AHE _b05 _c20140821 _lUCH01 _h1417 |
||
| 590 |
_aE5995AHE _b05 _c20140821 _lUCH01 _h1417 |
||
| 590 |
_aE5995AHE _b05 _c20140821 _lUCH01 _h1420 |
||
| 590 |
_aE5995AHE _b05 _c20140821 _lUCH01 _h1421 |
||
| 590 |
_aE5995AHE _b05 _c20140821 _lUCH01 _h1422 |
||
| 590 |
_aE5995AHE _b05 _c20140821 _lUCH01 _h1423 |
||
| 650 | 1 | 4 |
_aAmérica Latina _xEstadísticas _95399 |
| 650 | 1 | 4 |
_aImpuestos _xAmérica Latina. _957496 |
| 650 | 1 | 4 |
_aRentas públicas _zAmérica Latina. _9127852 |
| 901 | _aBK | ||
| 942 | _cLIBRO | ||
| 942 | _n0 | ||
| 999 |
_c106829 _d106829 |
||